Представление документа в формате RUSMARC

ПолеНазваниеЗначение
  Тип записи a
  Библиографический уровень m
001 Контрольный номер RU\NLR\BIBL_A\010219828
005 Дата корректировки 20201206205112.1
010 Индекс ISBN __
a ISBN 978-5-8114-1523-6 (в пер.)
d Цена 1400-49
100 Данные общей обработки __
a Данные общей обработки 19171215d2014||||||| 0rusy0189 ca
101 Язык документа 0_
a Язык текста rus
102 Страна публикации __
a Страна публикации RU|
105 Кодированные данные (монография) __
a Кодированные данные (монография) a||||||||01zy
200 Заглавие и сведения об ответственности 1_
a Заглавие Экология
e Сведения, относящиеся к заглавию базовый курс для студентов небиологических специальностей : учебное пособие для студентов вузов, обучающихся по направлению подготовки 011200 - "Физика"
f Первые сведения об ответственности В. А. Гордиенко, К. В. Показеев, М. В. Старкова
b Общее обозначение материала Текст
210 Выходные данные __
a Место издания Санкт-Петербург
a Место издания Москва
a Место издания Краснодар
c Издательство Лань
d Дата издания 2014
215 Физическое описание __
a Объем 633 с.
c Иллюстрации/тип воспроизводства ил.
d Формат 24 см
225 Серия __
a Серия Учебники для вузов
i Наименование части Специальная литература
300 Общие примечания __
a Общие примечания 1000 экз.
320 Библиография __
a Библиография Библиография: с. 626-627 (48 названия) и в подстрочных примечаниях
330 Аннотация __
a Аннотация Учебное пособие - первое в отечественной учебной литературе, рассчитанное на студентов небиологических специальностей, в котором сделана попытка расширить "нишу" экологических знаний, включив в курс материал, существенно выходящий за рамки традиционного, излагаемого в классических курсах экологии. Основная задача пособия заключается в том, чтобы дать читателю достаточный объем материала, позволяющий грамотно сориентироваться в проблемах, которые в настоящее время обычно называют экологическими и которые стали опасными прежде всего из-за того, что в оценке своих взаимоотношений с природой люди скорее склонны изменять природу, чем свои представления о разумности этих взаимоотношений. Поэтому в рамках данного пособия экология рассматривается не как отдельно взятая наука, но гораздо шире - как проблемно ориентированная система междисциплинарных знаний о взаимоотношении человека и природы в целом.
606 Тематические рубрики __
a Основная рубрика Экология
606 Тематические рубрики __
a Основная рубрика Общие вопросы охраны окружающей среды
610 Ключевые слова __
a Ключевые слова акустическая экология
a Ключевые слова биосфера
a Ключевые слова биофизическая химия
a Ключевые слова демографические проблемы
a Ключевые слова жизнедеятельность
a Ключевые слова загрязнение окружающей среды
a Ключевые слова изменение климата
a Ключевые слова космическая экология
a Ключевые слова популяционная экология
a Ключевые слова проблемы продовольствия
a Ключевые слова радиационная экология
a Ключевые слова системный подход
a Ключевые слова социальная экология
a Ключевые слова урбанизация
a Ключевые слова феномен жизни
a Ключевые слова философия экологии
a Ключевые слова эволюция
a Ключевые слова экологическая культура
a Ключевые слова экологическая химия
a Ключевые слова экологические проблемы
a Ключевые слова экологический кризис
a Ключевые слова экологическое воспитание
a Ключевые слова экология
a Ключевые слова экология индивидов
a Ключевые слова экология человека
a Ключевые слова экология экосистем
a Ключевые слова электромагнитные поля
a Ключевые слова энергетические проблемы
a Ключевые слова энтропия
686 Индексы других классификаций __
2 Код системы rubbks
a Классификационный индекс 20.1я73
700 Автор _1
a Фамилия Гордиенко
b Имя В. А.
f Даты 1946-
g Полное личное имя Валерий Александрович
4 Код отношения 070
701 Альтернативная интеллектуальная ответственность _1
a Фамилия Показеев
b Имя К. В.
f Даты 1947-
g Полное личное имя Константин Васильевич
4 Код отношения 070
701 Альтернативная интеллектуальная ответственность _1
a Фамилия Старкова
b Имя М. В.
f Даты 1973-
g Полное личное имя Марина Валерьевна
4 Код отношения 070
801 Источник записи _0
a Страна RU
b Организация РГБ
c Дата составления 20171215
g Правила каталогизации RCR
801 Источник записи _2
a Страна RU
b Организация Муниципальное бюджетное учреждение культуры "Централизованная библиотечная система" г. Сургут (Центральная городская библиотека им. А. С. Пушкина)
c Дата составления 20171215
852 Данные о местонахождении __
j Шифр хранения 20.1я73
i Авторский знак Г 68
901 Тип документа __
t Тип документа m
a Ответственный КиК/Апакова
903 Характеристики (МАРС) __
a Дата передачи 20171215
969 Тип издания __
a Тип издания учебное пособие
990 Данные о заказе (DOS) __
j Количество экземпляров (DOS) 1
t N записи в КСУ для И/У (DOS) 201801